Southville International School and Colleges
Your cart is empty.
  • Cart
  • Lists
    Public lists Eva Luna New books Lux_list list_1
    Your lists Log in to create your own lists
  • Log in to your account
  • Your cookies
  • Search history
Southville International School and Colleges
  • Advanced search
  • Recent comments
  • Most popular
  • Libraries

Log in to your account

Log in with GOOGLE


If you do not have an external account, but do have a local account, you can still log in:

  1. Home
  2. MARC view: Hope for the flowers :
Normal view MARC view ISBD view

Hope for the flowers : (Record no. 11637)

[ view plain ]
MARC details
000 -LEADER
fixed length control field 00822cam a2200253 4500
001 - CONTROL NUMBER
control field 794352
003 - CONTROL NUMBER IDENTIFIER
control field LC
005 - DATE AND TIME OF LATEST TRANSACTION
control field 20160314141201.0
008 - FIXED-LENGTH DATA ELEMENTS--GENERAL INFORMATION
fixed length control field 721113s1972 nyua 000 1 eng
010 ## - LIBRARY OF CONGRESS CONTROL NUMBER
LC control number 74179985
020 ## - INTERNATIONAL STANDARD BOOK NUMBER
International Standard Book Number 0809101742
040 ## - CATALOGING SOURCE
Original cataloging agency DLC
Transcribing agency DLC
Modifying agency DLC
050 ## - LIBRARY OF CONGRESS CALL NUMBER
Classification number PS 3566 .A84
Item number .H67 1972
082 ## - DEWEY DECIMAL CLASSIFICATION NUMBER
Classification number GS 813.5
Item number P28 1972
100 1# - MAIN ENTRY--PERSONAL NAME
Personal name Paulus, Trina.
9 (RLIN) 20793
245 10 - TITLE STATEMENT
Title Hope for the flowers :
Statement of responsibility, etc words and pictures by Trina Paulus
Remainder of title a tail partly about life partly about revolution and lots about hope for adults and others (including caterpillars who can read.)
260 ## - PUBLICATION, DISTRIBUTION, ETC. (IMPRINT)
Place of publication, distribution, etc New York :
Name of publisher, distributor, etc Paulist Press,
Date of publication, distribution, etc c1972.
300 ## - PHYSICAL DESCRIPTION
Other physical details col. illus.
Dimensions 23 cm.
350 ## - PRICE (NR) (BK AM CF MU VM SE) [OBSOLETE]
Price $4.95 (pbk.)
562 ## - COPY AND VERSION IDENTIFICATION NOTE
Number of copies 1
906 ## - LOCAL DATA ELEMENT F, LDF (RLIN)
a 7
b cbc
c orignew
d 2
e ncip
f 19
g y-gencatlg
942 ## - ADDED ENTRY ELEMENTS (KOHA)
Source of classification or shelving scheme Library of Congress Classification
Koha item type Books
Holdings
Withdrawn status Lost status Source of classification or shelving scheme Damaged status Home library Current library Shelving location Date acquired Source of acquisition Total Checkouts Full call number Barcode Date last seen Date checked out Copy number Price effective from Koha item type
    Library of Congress Classification   Luxembourg Library Luxembourg Library Fiction Section 09/18/2013 Donation 2 PS 3566 .A84 .H67 1972 17923 09/19/2025 09/18/2025 1 09/18/2013 Books
    Library of Congress Classification   Luxembourg Library Luxembourg Library Grade School Section 09/30/2013 Donation   PS 3566 .A84 .H67 1972 15067 10/28/2015   1 09/30/2013 Books

Hope for the flowers :

APA

Paulus T., . (1972). Hope for the flowers. New York: Paulist Press.

Chicago

Paulus Trina, . 1972. Hope for the flowers. New York: Paulist Press.

Harvard

Paulus T., . (1972). Hope for the flowers. New York: Paulist Press.

MLA

Paulus Trina, . Hope for the flowers. New York: Paulist Press. 1972.

  • Place hold
  • Print
  • Cite
  • Add to your cart (remove)
  • Save record
    BIBTEX Dublin Core MARCXML MARC (non-Unicode/MARC-8) MARC (Unicode/UTF-8) MARC (Unicode/UTF-8, Standard) MODS (XML) RIS
  • More searches
    Search for this title in:
    Other Libraries (WorldCat) Other Databases (Google Scholar) Online Stores (Bookfinder.com) Open Library (openlibrary.org)

Exporting to Dublin Core...

SOUTHVILLE LIBRARY

Southville International School and Colleges Library

1281 Tropical Ave. Cor. Luxembourg St., BF Homes International, Las Pinas City

Tel. No. 8256374 / 252358 Loc. 117/146

Powered by Koha